NFL AWARD STANDING WEEK 11 - Statistics

General Stats
  • This quiz has been taken 14 times
  • The average score is 10 of 28
Answer Stats
Hint Answer % Correct
MVP Drake Maye
83%
OPOY Jonathon Taylor
83%
MVP Josh Allen
83%
OROY Emeka Egbuka
75%
OPOY Jaxon Smith-Njigba
75%
MVP Patrick Mahomes
67%
MVP Baker Mayfield
58%
DPOY Myles Garret
58%
MVP Sam Darnold
58%
MVP Daniel Jones
50%
OROY Tyler Warren
50%
DROY Abdul Carter
42%
POTY Lane Johnson
42%
MVP Bo Nix
33%
COTY Mike Vrabel
25%
DPOY Nik Bonitto
25%
MVP Jalen Hurts
17%
OPOY James Cook III
17%
MVP Jordan Love
17%
MVP Justin Herbert
17%
DROY Carson Schwesinger
8%
OROY Grey Zabel
8%
POTY Dion Dawkins
0%
DROY Jacob Parish
0%
POTY Quenton Nelson
0%
COTY Sean McVay
0%
COTY Shawn Streichen
0%
DPOY Will Anderson Jr
0%
No matching quizzes found
Score Distribution
Percent of People with Each Score
Percentile by Number Answered
Your Score History
You have not taken this quiz